000 00501nam a2200181Ia 4500
008 100917s9999 xx 000 0 und d
082 _b14203
100 _a---
245 _aछबिना (अ लकोटस्वामी)
260 _b---
300 _a28
365 _b0
520 _aकविता
630 _aछबिना (अ लकोटस्वामी)
650 _aकविता
730 _aछबिना (अ लकोटस्वामी)
942 _cBOOK
999 _c619597
_d619594